Fenología de lianas y árboles anemocoros en una selva calida-húmeda de México (Registro nro. 9737)

Detalles MARC
000 -CABECERA
Campo de control 006400000a22001930004500
090 ## - CLASIFICACIÓN LOCAL
Colección AR
Consecutivo 00645
041 0# - IDIOMA
Código de idioma para texto/pista de sonido o título separado
100 1# - ASIENTO PRINCIPAL--NOMBRE PERSONAL
Nombre personal Ibarra Martínez, Guillermo
245 10 - MENCION DE TITULO
Título Fenología de lianas y árboles anemocoros en una selva calida-húmeda de México
650 14 - ASIENTO SECUNDARIO DE MATERIA - TERMINO TEMATICO
Término temático o nombre geográfico como elemento de entrada Fenología
650 14 - ASIENTO SECUNDARIO DE MATERIA - TERMINO TEMATICO
Término temático o nombre geográfico como elemento de entrada Reproducción vegetal
650 14 - ASIENTO SECUNDARIO DE MATERIA - TERMINO TEMATICO
Término temático o nombre geográfico como elemento de entrada Dispersión de semillas
650 14 - ASIENTO SECUNDARIO DE MATERIA - TERMINO TEMATICO
Término temático o nombre geográfico como elemento de entrada Selva cálido - humeda
651 #4 - ASIENTO SECUNDARIO DE MATERIA - NOMBRE GEOGRAFICO
-- Veracruz
-- México
700 1# - ASIENTO SECUNDARIO - NOMBRE PERSONAL
Nombre personal Sánchez Garfias, Beatriz
700 1# - ASIENTO SECUNDARIO - NOMBRE PERSONAL
Nombre personal González García, Laura
773 1# - Item fuente:
Título Biotropica
Especificación de materiales 9
Descripción física 3
Paginas del Articulo 242-254
Lugar, editorial y fecha de publicación 1991
Información sobre la relación 23
942 ## - ELEMENTOS ADICIONALES (KOHA)
Tipo de ítem Artículo
Existencias
Withdrawn status Lost status Damaged status No para préstamo Colección Ubicación Permanente Ubicación actual Fecha de adquisición Datos de publicación Seriada Total Checkouts Número topográfico Inventario / Código de Barras Date last seen Ejemplar Price effective from Forma de adquisición Tipo de material
      No para Préstamo Hemeroteca Bogotá Bogotá 27/02/2015 Fuera de circulación   AR 00645 010961 25/03/2015 1 25/03/2015   Artículo